Loading...
Kavita ka canvas
| Main Author: | |
|---|---|
| Format: | Printed Book |
| Published: |
Delhi:
Medha Books,
2013
|
| LEADER | 00425nam a22001337a 4500 | ||
|---|---|---|---|
| 008 | 140827b ii||||| |||| 00| 0 hin d | ||
| 999 | |c 248009 |d 248009 | ||
| 020 | |a 9788181664839 | ||
| 100 | |a Piyush Mishra | ||
| 245 | |a Kavita ka canvas | ||
| 260 | |a Delhi: |b Medha Books, |c 2013 | ||
| 546 | |a in Hindi | ||
| 942 | |c BK | ||
| 952 | |0 0 |1 0 |4 0 |6 S_22_000000000000000 |7 0 |9 275347 |a HIN |b HIN |c ST1 |d 2017-10-09 |i 25175 |l 0 |o s22 |p HIN25175 |r 2017-10-09 |w 2017-10-09 |y BK | ||